Normal view
MARC view
- TEXTBOOK-DEE.DIGITAL COMPUTER ELECTRONICS.MICROCONTROLLERS.INTEL 8085-MICROPROCESSOR.ELECTRONIC DIGITAL COMPUTER
Entry Topical Term
001 - CONTROL NUMBER
- control field: 79570
003 - CONTROL NUMBER IDENTIFIER
- control field: NUST
005 - DATE AND TIME OF LATEST TRANSACTION
- control field: 20210628210500.0
008 - FIXED-LENGTH DATA ELEMENTS
- fixed length control field: 210628|| aca||aabn | a|a d
040 ## - CATALOGING SOURCE
- Original cataloging agency: NUST
- Transcribing agency: NUST
150 ## - HEADING--TOPICAL TERM
- Topical term or geographic name entry element: TEXTBOOK-DEE.DIGITAL COMPUTER ELECTRONICS.MICROCONTROLLERS.INTEL 8085-MICROPROCESSOR.ELECTRONIC DIGITAL COMPUTER
670 ## - SOURCE DATA FOUND
- Source citation: Work cat.: (NUST): Malvino, Albert Paul, Brown, Jerald A 61608, Digital computer electronics., 2016
